000 00695nam a2200205Ia 4500
003 GCL
008 140319s9999 xx 000 0 ara d
040 _aGCL /
_cGCL
082 0 4 _a327.72
_bم م
245 1 0 _aماذا بعد انهيار عملية التسوية السلمية ؟
250 _aالاولى
260 _aبيروت :
_bمركز دراسات الوحدة العربية ،
_c2004
300 _a478 ص ؛
_c32 سم
650 0 4 _aالنزاع العربى الاسرائيلى
650 0 4 _aالقضية الفلسطينية
650 0 4 _aالمقاومة الفلسطينية
650 0 4 _aالحرب والسلام
650 0 4 _aالمفاوضات
942 _2ddc
_cBK
999 _c33107
_d33107